BUSINESS RATIOS AND FORMULAS A COMPREHEN (Record no. 32890)

MARC details
000 -LEADER
fixed length control field 00243nam a2200097Ia 4500
008 - FIXED-LENGTH DATA ELEMENTS--GENERAL INFORMATION
fixed length control field 240625s9999 xx 000 0 und d
041 ## - LANGUAGE CODE
Language code of text/sound track or separate title eng
082 ## - DEWEY DECIMAL CLASSIFICATION NUMBER
Classification number 650.01 BRA
100 ## - MAIN ENTRY--PERSONAL NAME
Personal name BRAGG STEVEN M
245 ## - TITLE STATEMENT
Title BUSINESS RATIOS AND FORMULAS A COMPREHEN
Holdings
Withdrawn status Lost status Damaged status Not for loan Home library Current library Shelving location Date acquired Full call number Barcode Date last seen Price effective from Koha item type
        IMTN IMTN Rack 19-B 07/15/2014 650.01 BRA EB10 06/25/2024 06/25/2024 BE
Designed & Maintained by: LRC IMT Nagpur Contact: lrc@imtnag.ac.in© 2024. All Rights Reserved.